Complete NBA All-Star Teams of the 2000s - Statistics

General Stats
  • This quiz has been taken 48 times
  • The average score is 189 of 256
Answer Stats
Year Conference Position Team Answer % Correct
2000 West F* MIN Kevin Garnett
95%
2001 W F MIN Kevin Garnett
95%
2002 W F MIN Kevin Garnett
95%
2003 W F MIN Kevin Garnett
95%
2004 W F MIN Kevin Garnett
95%
2005 W F MIN Kevin Garnett
95%
2006 W F MIN Kevin Garnett
95%
2007 W F MIN Kevin Garnett
95%
2008 E F BOS (INJ) Kevin Garnett
95%
2009 E F BOS Kevin Garnett
95%
2000 West G* LAL Kobe Bryant
95%
2001 W G LAL Kobe Bryant
95%
2002 W G LAL Kobe Bryant
95%
2003 W G LAL Kobe Bryant
95%
2004 W G LAL Kobe Bryant
95%
2005 W G LAL Kobe Bryant
95%
2006 W G LAL Kobe Bryant
95%
2007 W G LAL Kobe Bryant
95%
2008 W G LAL Kobe Bryant
95%
2009 W G* LAL Kobe Bryant
95%
2002 E F BOS Paul Pierce
95%
2003 E F BOS Paul Pierce
95%
2004 E F BOS Paul Pierce
95%
2005 E F BOS Paul Pierce
95%
2006 E F BOS Paul Pierce
95%
2008 E F BOS Paul Pierce
95%
2009 E F BOS Paul Pierce
95%
2000 East G PHI Allen Iverson
93%
2001 E G PHI Allen Iverson
93%
2002 E G PHI Allen Iverson
93%
2003 E G PHI Allen Iverson
93%
2004 E G PHI Allen Iverson
93%
2005 E G PHI Allen Iverson
93%
2006 E G PHI Allen Iverson
93%
2007 W G DEN (INJ) Allen Iverson
93%
2008 W G DEN Allen Iverson
93%
2009 E G DET Allen Iverson
93%
2002 W F DAL Dirk Nowitzki
93%
2003 W F DAL Dirk Nowitzki
93%
2004 W F DAL Dirk Nowitzki
93%
2005 W F DAL Dirk Nowitzki
93%
2006 W F DAL Dirk Nowitzki
93%
2008 W F DAL Dirk Nowitzki
93%
2009 W F DAL Dirk Nowitzki
93%
2005 E F CLE LeBron James
93%
2006 E F CLE LeBron James
93%
2007 E F CLE LeBron James
93%
2008 E F CLE LeBron James
93%
2009 E F CLE LeBron James
93%
2000 West C* LAL Shaquille O'Neal
93%
2001 W C LAL (INJ) Shaquille O'Neal
93%
2002 W C LAL (INJ) Shaquille O'Neal
93%
2003 W C LAL Shaquille O'Neal
93%
2004 W C LAL Shaquille O'Neal
93%
2005 E C MIA Shaquille O'Neal
93%
2006 E C MIA Shaquille O'Neal
93%
2007 E C MIA Shaquille O'Neal
93%
2009 W C PHX Shaquille O'Neal
93%
2002 W G DAL Steve Nash
93%
2003 W G DAL Steve Nash
93%
2005 W G PHX Steve Nash
93%
2006 W G PHX Steve Nash
93%
2007 W G PHX (INJ) Steve Nash
93%
2008 W G PHX Steve Nash
93%
2000 West F* SAS Tim Duncan
90%
2001 W F SAS Tim Duncan
90%
2002 W F SAS Tim Duncan
90%
2003 W F SAS Tim Duncan
90%
2004 W F SAS Tim Duncan
90%
2005 W F SAS Tim Duncan
90%
2006 W F SAS Tim Duncan
90%
2007 W F SAS Tim Duncan
90%
2008 W F SAS Tim Duncan
90%
2009 W F* SAS Tim Duncan
90%
2006 E G DET Chauncey Billups
88%
2007 E G DET Chauncey Billups
88%
2008 E G DET Chauncey Billups
88%
2009 W G DEN Chauncey Billups
88%
2000 West G SEA Gary Payton
88%
2001 W G SEA Gary Payton
88%
2002 W G SEA Gary Payton
88%
2003 W G SEA Gary Payton
88%
2000 West G* PHX Jason Kidd
88%
2001 W G PHX Jason Kidd
88%
2002 E G NJN Jason Kidd
88%
2003 E G NJN Jason Kidd
88%
2004 E G NJN Jason Kidd
88%
2007 E G NJN (INJ) Jason Kidd
88%
2008 E G NJN Jason Kidd
88%
2000 West G UTA John Stockton
88%
2000 East G MIL Ray Allen
88%
2001 E G MIL Ray Allen
88%
2002 E G MIL Ray Allen
88%
2004 W G SEA Ray Allen
88%
2005 W G SEA Ray Allen
88%
2006 W G SEA Ray Allen
88%
2007 W G SEA (REP) Ray Allen
88%
2008 E G BOS (REP) Ray Allen
88%
2009 E G BOS (REP) Ray Allen
88%
2001 E G ORL Tracy McGrady
88%
2002 E G ORL Tracy McGrady
88%
2003 E G ORL Tracy McGrady
88%
2004 E G ORL Tracy McGrady
88%
2005 W G HOU Tracy McGrady
88%
2006 W F HOU Tracy McGrady
88%
2007 W G HOU Tracy McGrady
88%
2006 E F TOR Chris Bosh
85%
2007 E F TOR Chris Bosh
85%
2008 E F TOR Chris Bosh
85%
2009 E F/C TOR (INJ) Chris Bosh
85%
2002 E F IND Jermaine O'Neal
85%
2003 E F IND Jermaine O'Neal
85%
2004 E F IND Jermaine O'Neal
85%
2005 E F IND Jermaine O'Neal
85%
2006 E F IND (INJ) Jermaine O'Neal
85%
2007 E F IND Jermaine O'Neal
85%
2000 West F UTA Karl Malone
85%
2001 W F UTA Karl Malone
85%
2002 W F UTA Karl Malone
85%
2003 E C DET Ben Wallace
83%
2004 E C DET Ben Wallace
83%
2005 E C DET Ben Wallace
83%
2006 E C DET Ben Wallace
83%
2000 West C SAS David Robinson
83%
2001 W C SAS David Robinson
83%
2000 East F MIL Glenn Robinson
83%
2001 E F MIL Glenn Robinson
83%
2006 W C MEM Pau Gasol
83%
2009 W F LAL Pau Gasol
83%
2000 West F POR Rasheed Wallace
83%
2001 W F POR Rasheed Wallace
83%
2006 E F DET Rasheed Wallace
83%
2008 E C DET (REP) Rasheed Wallace
83%
2000 East G IND Reggie Miller
83%
2006 W G SAS Tony Parker
83%
2007 W G SAS Tony Parker
83%
2009 W G SAS Tony Parker
83%
2003 W C HOU Yao Ming
83%
2004 W C HOU Yao Ming
83%
2005 W C HOU Yao Ming
83%
2006 W C HOU Yao Ming
83%
2007 W C HOU (INJ) Yao Ming
83%
2008 W C HOU Yao Ming
83%
2009 W C* HOU Yao Ming
83%
2007 W F DEN (REP) Carmelo Anthony
80%
2008 W F DEN Carmelo Anthony
80%
2007 E C ORL Dwight Howard
80%
2008 E C ORL Dwight Howard
80%
2009 E C ORL Dwight Howard
80%
2000 East C MIA Alonzo Mourning
78%
2001 E C* MIA (INJ) Alonzo Mourning
78%
2002 E C MIA Alonzo Mourning
78%
2005 W C PHX Amar'e Stoudemire
78%
2007 W C PHX Amar'e Stoudemire
78%
2008 W C PHX Amar'e Stoudemire
78%
2009 W F* PHX Amar'e Stoudemire
78%
2008 W G NOH Chris Paul
78%
2009 W G* NOH Chris Paul
78%
2000 West F SAC Chris Webber
78%
2001 W F SAC Chris Webber
78%
2002 W F SAC Chris Webber
78%
2003 W F SAC Chris Webber
78%
2005 W G SAS Manu Ginóbili
78%
2000 East F TOR Vince Carter
78%
2001 E F TOR Vince Carter
78%
2002 E F TOR (INJ) Vince Carter
78%
2003 E F TOR Vince Carter
78%
2004 E F TOR Vince Carter
78%
2005 E G NJN Vince Carter
78%
2006 E G NJN Vince Carter
78%
2007 E G NJN Vince Carter
78%
2002 E G WAS Michael Jordan
76%
2003 E G WAS Michael Jordan
76%
2000 East C ATL Dikembe Mutombo
71%
2001 E C ATL (REP) Dikembe Mutombo
71%
2002 E C PHI Dikembe Mutombo
71%
2005 E G WAS Gilbert Arenas
71%
2006 E G WAS (REP) Gilbert Arenas
71%
2007 E G WAS Gilbert Arenas
71%
2006 E G DET Richard Hamilton
68%
2007 E G DET Richard Hamilton
68%
2008 E G DET Richard Hamilton
68%
2003 W F PHX Shawn Marion
68%
2005 W F PHX Shawn Marion
68%
2006 W F PHX Shawn Marion
68%
2007 W F PHX Shawn Marion
68%
2004 E F IND Ron Artest
66%
2003 E C CLE Zydrunas Ilgauskas
66%
2005 E C CLE Zydrunas Ilgauskas
66%
2002 E F BOS Antoine Walker
63%
2003 E F BOS Antoine Walker
63%
2009 E G CLE (REP) Mo Williams
63%
2001 E C TOR (REP) Antonio Davis
59%
2002 E G CHA (REP) Baron Davis
59%
2004 E G NOH Baron Davis
59%
2008 W G POR Brandon Roy
59%
2009 W G POR Brandon Roy
59%
2007 E G ATL (REP) Joe Johnson
59%
2008 E G ATL Joe Johnson
59%
2009 E G ATL Joe Johnson
59%
2002 W G HOU Steve Francis
59%
2003 W G HOU Steve Francis
59%
2004 W G HOU Steve Francis
59%
2000 East F DET Grant Hill
56%
2001 E F ORL (INJ) Grant Hill
56%
2005 E F ORL Grant Hill
56%
2008 W F NOH David West
54%
2009 W F NOH David West
54%
2002 W F LAC (REP) Elton Brand
54%
2006 W F LAC Elton Brand
54%
2002 W F SAC Peja Stojakovic
51%
2003 W F SAC (REP) Peja Stojakovic
51%
2004 W F SAC Peja Stojakovic
51%
2004 W G MIN Sam Cassell
49%
2001 W C SAC (REP) Vlade Divac
49%
2001 E F NYK (REP) Latrell Sprewell
44%
2005 W F SEA Rashard Lewis
44%
2009 E F ORL Rashard Lewis
44%
2009 E G ORL (INJ) Jameer Nelson
41%
2000 West G DAL Michael Finley
41%
2001 W G DAL Michael Finley
41%
2004 E G MIL Michael Redd
41%
2007 W F UTA (INJ) Carlos Boozer
39%
2008 W F UTA Carlos Boozer
39%
2000 East G NYK Allan Houston
37%
2001 E G NYK Allan Houston
37%
2004 E F NJN Kenyon Martin
37%
2001 E G NJN Stephon Marbury
37%
2003 W G PHX Stephon Marbury
37%
2004 W F UTA Andrei Kirilenko
34%
2005 E F WAS Antawn Jamison
34%
2008 E F WAS Antawn Jamison
34%
2000 East G CHA Eddie Jones
34%
2000 East G DET Jerry Stackhouse
32%
2001 E G DET Jerry Stackhouse
32%
2002 W F MIN Wally Szczerbiak
32%
2009 E F IND Danny Granger
27%
2003 E F NOH Jamal Mashburn
27%
2007 W C UTA (REP) Mehmet Okur
24%
2001 E C PHI (INJ) Theo Ratliff
24%
2005 E G MIA Dwayne Wade
22%
2006 E G MIA Dwayne Wade
22%
2007 E G MIA Dwayne Wade
22%
2008 E G MIA Dwayne Wade
22%
2009 E G MIA Dwayne Wade
22%
2001 W F DEN Antonio McDyess
20%
2007 E F WAS Caron Butler
20%
2008 E F WAS (INJ) Caron Butler
20%
2002 E F ATL Shareef Abdur-Rahim
20%
2001 E G MIA Anthony Mason
17%
2003 E C IND Brad Miller
12%
2004 W C SAC Brad Miller
12%
2004 E C NOH Jamaal Magloire
7%
2000 East F IND Dale Davis
5%
2009 E G NJN Devin Harris
5%
2007 W F DAL (REP) Josh Howard
5%
No matching quizzes found
Score Distribution
Percent of People with Each Score
Percentile by Number Answered
Your Score History
You have not taken this quiz